Možnosti rozvoja výroby energie z obnoviteľných zdrojov so zameraním na geotermálnu energiu dizertačná práca

Gespeichert in:
Bibliographische Detailangaben
1. Verfasser: Bergendi, Tomáš, 1984-
Körperschaft: Fakulta podnikového manažmentu EU. Katedra manažmentu
Weitere Verfasser: Majtán, Miroslav
Format: Buch
Sprache:Slowakisch
Veröffentlicht: Bratislava 2015
Schlagworte:
Tags: Tag hinzufügen
Keine Tags, Fügen Sie das erste Tag hinzu!

MARC

LEADER 00000nbm a2200000 4500
001 0206976
005 20230302104843.0
041 0 |a slo 
044 |a SK 
245 1 0 |a Možnosti rozvoja výroby energie z obnoviteľných zdrojov so zameraním na geotermálnu energiu  |b dizertačná práca  |c Tomáš Bergendi ; školiteľ: Miroslav Majtán 
264 1 |a Bratislava  |c 2015 
300 |a 169 s. 
610 2 0 |a energia geotermálna 
610 2 0 |a energia 
610 2 0 |a zdroje prírodné 
610 2 0 |a zdroje energie 
610 2 0 |a zdroje energie obnoviteľné 
610 2 0 |a Slovensko 
610 2 0 |a Európska únia 
100 1 |a Bergendi, Tomáš, 1984- 
700 1 |a Majtán, Miroslav 
710 2 |a Fakulta podnikového manažmentu EU. Katedra manažmentu